Islamic geometric patterns /

Dettagli Bibliografici
Autore principale: Broug, Eric
Natura: Libro
Lingua:English
Pubblicazione: London : Thames & Hudson, 2008.
Soggetti:
Classic Catalogue: View this record in Classic Catalogue
LEADER 01687nam a2200337 a 4500
001 0017842
003 BD-DhAAL
008 090618s2008 enka b 000 0 eng d
010 |a  2007936786 
020 |a 9780500287217 (pbk.) 
020 |a 050028721X (pbk.) 
040 |a UKM  |c UKM  |d BTCTA  |d BAKER  |d YDXCP  |d ZQP  |d CLE  |d UAT  |d VP@  |d DLC  |d BD-DhAAL 
082 0 0 |a 709.17671  |2 22 
100 1 |a Broug, Eric.  |9 31919 
240 1 0 |a Islamitische geometrische patronen zelf ontwerpen en maken.  |l English 
245 1 0 |a Islamic geometric patterns /  |c Eric Broug. 
260 |a London :  |b Thames & Hudson,  |c 2008. 
300 |a 119 p. :  |b ill. (some col.) ;  |c 25 cm +  |e 1 CD-ROM (4 3/4 in.) 
500 |a "Translated from the Dutch "Islamitische geometrische patronen zelf ontwerpen en maken" by George Hall, [2006]"--Colophon. 
500 |a With over 290 illustrations. 
504 |a Includes bibliographical references. 
526 |a ARC  |x Md. Shajjad Hossain, Faculty members of the Department of Architecture 
541 1 |e 0017842  |a Zeenat Book Supply Limited 
650 0 |a Repetitive patterns (Decorative arts)  |z Islamic countries.  |9 31920 
650 0 |a Decoration and ornament, Islamic.  |9 31921 
650 0 |a Decoration and ornament, Architectural  |z Islamic countries.  |9 31922 
650 0 |a Geometry in art.  |9 31923 
852 4 |a Ayesha Abed Library  |c General Stacks  |j   
942 |2 ddc  |c BK 
999 |c 963  |d 963 
952 |0 0  |1 0  |2 ddc  |4 0  |6 709_176710000000000_BRO_2004  |7 0  |9 868  |a BRACUL  |b BRACUL  |c GEN  |d 2009-06-21  |e Zeenat Book Supply Limited  |g 2018.00  |l 8  |m 54  |o 709.17671 BRO  |p 3010017842  |r 2026-05-21  |s 2026-03-31  |t 1  |w 2009-06-21  |y BK  |x Requisitioned by Md. Shajjad Hossain (Faculty members of the Department of Architecture).